=LDR 00000nam 2200000 4500 =001 INLIS000000000011074 =005 20130612102656 =008 ***********************************Ind** =035 ##$$0010-061300000011074 =041 ##$$a Ind =082 ##$$a 362.042 095 982 4 =090 ##$$a 362.042 095 982 4, Sup =100 ##$$a Supono, Sri Saudah =245 ##$$a Indentipikasi masalah sosial ekonomiakibat pemutusann hubunngan kerja (kasus pabrik rokok di jawa timur), Supomo, Srisaadah =260 ##$$a 1993 $b Jakarta =300 ##$$a x, 89 hlm, 21 cm =650 ##$$a Sosial, masalah jawa timur =850 ##$$a NBPNMAT